000
00237nam a2200097Ia 4500
008
220204s9999 xx 000 0 und d
082
_a
065
_b
MAN
245
0
_a
Managing projects and programs
260
_b
Harward College
_c
1959
942
_c
BK
999
_c
37292
_d
37292